00544nam a22001817a 45000050016000000100017000160200022000330350017000550370021000720820008000931000016001012450096001172600041002132700039002543000029002934900023003227000017003452012032301581.0 aB-447247-257 a812374319Xc65.00 aB-447247-257 adplbK.K.Pub/Ven a921 aWatve, Bapu aDadasaheb Phalke :bthe father of Indian cinema /cby Bapu Watve ; translated by S.A.Virkar aNew DelhibNational Book Trustc2006 aA-5 Green Park,bNew Delhie110016 avi,181p.billc22cm(pbk) aNational biography aVirkar, S.A.